Ιστορία της φιλοσοφίας.

Αποθηκεύτηκε σε:
Λεπτομέρειες βιβλιογραφικής εγγραφής
Άλλοι συγγραφείς: Μητσού, Μαριλίζα
Μορφή: Βιβλίο
Γλώσσα:Greek
French
Δημοσίευση: Αθήνα : Μορφωτικό Ιδρυμα Εθνικής Τραπέζης, 1979-1987.
Έκδοση:2η εκδ.
Σειρά:Encyclopedie de la Pleiade
Θέματα:
Ετικέτες: Προσθήκη ετικέτας
Δεν υπάρχουν, Καταχωρήστε ετικέτα πρώτοι!

MARC

LEADER 00000cam a2200000 i 4500
001 1/1801
008 950718m19791987gr | ||| |||| ||gre||
035 |l 10014581 
035 |l 10014580 
035 |l 10014579 
035 |l 10014578 
035 |l 10030183 
035 |a 1987  |c Αγορά  |l 10034799 
035 |l 10029192 
035 |a 1987  |c Αγορά  |l 10034794 
035 |l 10029189 
035 |l 10036771 
035 |l 10080081 
040 |a GR-MyUa  |b gre  |e AACR2 
041 1 |a gre  |h fre 
082 7 |a 190.9   |2 (22) 
245 0 0 |a Ιστορία της φιλοσοφίας.  
250 |a 2η εκδ. 
260 |a Αθήνα :   |b Μορφωτικό Ιδρυμα Εθνικής Τραπέζης,   |c 1979-1987.  
300 |a 4 τ. ;   |c 24 εκ.  
490 1 |a (Encyclopedie de la Pleiade)  
500 |a Τίτλος πρωτοτύπου: Histoire de la philosophie.  
500 |a Με: Ιστορία της φιλοσοφίας 20ος αιώνας σύγχρονα φιλοσοφικά ρεύματα / Μορφωτικό Ίδρυμα Εθνικής Τραπέζης 
505 8 |a 19ος αιώνας : ρομαντικοί-κοινωνιολόγοι / μετάφραση Τίτου Πατρικίου, Παύλου Χριστοδουλίδη -- 19ος-20ος αιώνας : η εξελικτική φιλοσοφία, κοινωνικές φιλοσοφικές σχολές / μετάφραση Μαριλίζας Μήτσου-Παππά -- Η Καντιανή επανάσταση / μετάφραση Κυριάκου Σ. Κατσιμάνη -- 20ος αιώνας : σύγχρονα φιλοσοφικά ρεύματα / μετάφραση Νίκου Νασοφίδη, Κωστή Παπαγιώργη.  
650 0 0 |a Philosophy  |x History. 
650 0 0 |a Philosophy, Modern  |y 20th century. 
650 0 0 |a Philosophy, Modern  |y 19th century. 
650 0 0 |a Philosophy, Modern  |y 18th century. 
700 1 |a Μητσού, Μαριλίζα. 
830 0 |a Encyclopedie de la Pleiade 
852 |a INST  |b CHIOS  |e 19950328  |h 190.9 ΙΣΤ  |p 005200006698  |q 005200006698  |t BK  |v τομ.005200006698:  |y 0 
852 |a INST  |b CHIOS  |e 19950328  |h 190.9 ΙΣΤ  |p 005200006699  |q 005200006699  |t BK  |v τομ.2:  |y 0 
852 |a INST  |b CHIOS  |e 19960329  |h 190.9 ΙΣΤ  |p 005200006700  |q 005200006700  |t BK  |v τομ.4:  |y 0 
852 |a INST  |b LESVOS  |e 20220707  |h 190.9 ΙΣΤ  |p 005100003888  |q 005100003888  |t BK  |v τομ.4:  |y 0 
852 |a INST  |b LESVOS  |e 20220707  |h 190.9 ΙΣΤ  |p 005100003889  |q 005100003889  |t BK  |v τομ.2:  |y 0 
852 |a INST  |b LESVOS  |e 20220707  |h 190.9 ΙΣΤ  |p 005100003890  |q 005100003890  |t BK  |v τομ.1:  |y 0 
852 |a INST  |b LESVOS  |e 20220707  |h 190.9 ΙΣΤ  |p 005100003891  |q 005100003891  |t BK  |v τομ.3:  |y 0 
852 |a INST  |b LESVOS  |e 20220707  |h 190.9 ΙΣΤ  |p 005100006380  |q 005100006380  |t BK  |v τομ.1:  |y 0 
852 |a INST  |b LESVOS  |e 20220707  |h 190.9 ΙΣΤ  |p 005100006381  |q 005100006381  |t BK  |v τομ.2:  |y 0 
852 |a INST  |b LESVOS  |e 20220707  |h 190.9 ΙΣΤ  |p 005100006382  |q 005100006382  |t BK  |v τομ.4:  |y 0 
852 |a INST  |b LESVOS  |e 20220707  |h 190.9 ΙΣΤ  |p 005100055390  |q 005100055390  |t BK  |v τομ.2:  |y 0 
852 |a INST  |b LESVOS  |e 20220707  |h 190.9 ΙΣΤ  |p 005100055894  |q 005100055894  |t BK  |v τομ.4:  |y 0 
852 |a INST  |b RHODES  |e 19960227  |h 190.9 ΙΣΤ  |p 005400003633  |q 005400003633  |t BK  |v τομ.3:  |y 0 
852 |a INST  |b RHODES  |e 19960702  |h 190.9 ΙΣΤ  |p 005400004697  |q 005400004697  |t BK  |v τομ.2:  |y 0 
852 |a INST  |b RHODES  |e 19960702  |h 190.9 ΙΣΤ  |p 005400004698  |q 005400004698  |t BK  |v τομ.4:  |y 0 
852 |a INST  |b RHODES  |c KRI  |e 20050902  |h  190.9 ΙΣΤ  |p 005400022598  |q 005400022598  |t BK  |v τομ.2:  |y 0 
852 |a INST  |b RHODES  |c KRI  |e 20050902  |h  190.9 ΙΣΤ  |p 005400022608  |q 005400022608  |t BK  |v τομ.3:  |y 0 
852 |a INST  |b RHODES  |c KRI  |e 20050902  |h  190.9 ΙΣΤ  |p 005400030841  |q 005400030841  |t BK  |v τομ.4:  |y 0 
853 |a INST  |b LESVOS  |h 190.9 ΙΣΤ 
901 |a BIBL1-2014-3 
901 |a BIBL4-2005-3 
901 |a BIBL4-2005-3 
970 |z 1995/07